000 00649naa a22001697i 4500
001 8699
003 KOSZ 005
005 20180227101428.0
008 180226s2012 xr ||||| ||||0|| ||eng
040 _cKOSZ 005
_aKOSZ 005/HR
041 0 _aeng
100 _aSUSHCH, Volodymyr.
_d1997 - .
_bPolitechnika Koszalińska - Wydział Budownictwa i Inżynierii Środowiska,
_cKatedra Matematyki
245 1 0 _aInstanton-anti-instanton solutions of discrete Yang-Mills equations /
_cVolodymyr Sushch.
650 0 _aMatematyka.
773 0 _iW :
_tMathematica Bohemica. -
_dPraha : Academia. -
_g2012, nr 137(2), s. 219-228
_x0862-7959
942 _cART
_2UKD
999 _c8699
_d8699